<?xml version="1.0" encoding="UTF-8"?>
<record
    xmlns:xsi="http://www.w3.org/2001/XMLSchema-instance"
    xsi:schemaLocation="http://www.loc.gov/MARC21/slim http://www.loc.gov/standards/marcxml/schema/MARC21slim.xsd"
    xmlns="http://www.loc.gov/MARC21/slim">

  <leader>01627nam a22002657a 4500</leader>
  <controlfield tag="003">Uzh_bibl</controlfield>
  <controlfield tag="008">240204b        |||||||| |||| 00| 0 ukr d</controlfield>
  <datafield tag="020" ind1=" " ind2=" ">
    <subfield code="a">978-966-2909-20-3</subfield>
    <subfield code="c">40 &#x433;&#x440;&#x43D;.</subfield>
  </datafield>
  <datafield tag="040" ind1=" " ind2=" ">
    <subfield code="b">&#x443;&#x43A;&#x440;.</subfield>
  </datafield>
  <datafield tag="041" ind1=" " ind2=" ">
    <subfield code="2">eng</subfield>
    <subfield code="a">ukr</subfield>
  </datafield>
  <datafield tag="080" ind1=" " ind2=" ">
    <subfield code="a">821.161.1</subfield>
  </datafield>
  <datafield tag="090" ind1=" " ind2=" ">
    <subfield code="a">821.161.1</subfield>
    <subfield code="b">&#x421;86</subfield>
  </datafield>
  <datafield tag="100" ind1=" " ind2=" ">
    <subfield code="a">&#x421;&#x442;&#x440;&#x43E;&#x43D;&#x491;, &#x414;&#x436;&#x435;&#x440;&#x435;&#x43C;&#x456;</subfield>
  </datafield>
  <datafield tag="245" ind1=" " ind2=" ">
    <subfield code="a">&#x413;&#x430;&#x440;&#x43C;&#x438;&#x434;&#x435;&#x440; &#x443; &#x448;&#x43A;&#x43E;&#x43B;&#x456;</subfield>
    <subfield code="c">&#x43F;&#x435;&#x440;. &#x437; &#x430;&#x43D;&#x433;&#x43B;. &#x410;.&#x41F;&#x43E;&#x440;&#x438;&#x442;&#x43A;&#x43E;; &#x456;&#x43B;. &#x41C;.&#x41F;&#x430;&#x43B;&#x435;&#x43D;&#x43A;&#x43E;</subfield>
    <subfield code="h">&#x422;&#x435;&#x43A;&#x441;&#x442;</subfield>
  </datafield>
  <datafield tag="260" ind1=" " ind2=" ">
    <subfield code="a">&#x41B;&#x44C;&#x432;&#x456;&#x432;</subfield>
    <subfield code="b">&#x412;&#x438;&#x434;&#x430;&#x432;&#x43D;&#x438;&#x446;&#x442;&#x432;&#x43E; &#x421;&#x442;&#x430;&#x440;&#x43E;&#x433;&#x43E; &#x41B;&#x435;&#x432;&#x430;</subfield>
    <subfield code="c">2015 &#x440;.</subfield>
  </datafield>
  <datafield tag="300" ind1=" " ind2=" ">
    <subfield code="a">190 &#x441;.</subfield>
    <subfield code="b">&#x456;&#x43B;.</subfield>
    <subfield code="f">&#x412; &#x43E;&#x43F;&#x440;.</subfield>
  </datafield>
  <datafield tag="490" ind1=" " ind2=" ">
    <subfield code="a">&#x421;&#x435;&#x440;&#x456;&#x44F; "&#x427;&#x438;&#x442;&#x430;&#x43D;&#x43D;&#x44F; &#x434;&#x43B;&#x44F; &#x440;&#x435;&#x433;&#x43E;&#x442;&#x430;&#x43D;&#x43D;&#x44F;"</subfield>
  </datafield>
  <datafield tag="520" ind1=" " ind2=" ">
    <subfield code="a">&#x42F;&#x43A;?! &#x414;&#x43E; &#x412;&#x430;&#x448;&#x43E;&#x457; &#x448;&#x43A;&#x43E;&#x43B;&#x438; &#x449;&#x435; &#x439; &#x434;&#x43E;&#x441;&#x456; &#x43D;&#x435; &#x437;&#x430;&#x432;&#x456;&#x442;&#x430;&#x43B;&#x430; &#x43C;&#x456;&#x441; &#x413;&#x430;&#x440;&#x43C;&#x438;&#x434;&#x435;&#x440;? &#x421;&#x43F;&#x440;&#x43E;&#x431;&#x443;&#x439;&#x442;&#x435; &#x43F;&#x43E;&#x43F;&#x440;&#x43E;&#x441;&#x438;&#x442;&#x438; &#x43F;&#x440;&#x43E; &#x446;&#x435; &#x432;&#x430;&#x448;&#x43E;&#x433;&#x43E; &#x434;&#x438;&#x440;&#x435;&#x43A;&#x442;&#x43E;&#x440;&#x430; &#x2013; &#x430;&#x434;&#x436;&#x435; &#x43C;&#x456;&#x441; &#x413;&#x430;&#x440;&#x43C;&#x438;&#x434;&#x435;&#x440; &#x437;&#x430;&#x437;&#x432;&#x438;&#x447;&#x430;&#x439; &#x43F;&#x440;&#x430;&#x446;&#x44E;&#x454; &#x432;&#x447;&#x438;&#x442;&#x435;&#x43B;&#x435;&#x43C; &#x43D;&#x430; &#x43F;&#x456;&#x434;&#x43C;&#x456;&#x43D;&#x443;. &#x41D;&#x456;&#x445;&#x442;&#x43E; &#x437;&#x456; &#x448;&#x43A;&#x43E;&#x43B;&#x44F;&#x440;&#x456;&#x432; &#x43D;&#x435; &#x432;&#x456;&#x434;&#x43C;&#x43E;&#x432;&#x438;&#x432;&#x441;&#x44F; &#x431;&#x438; &#x432;&#x456;&#x434; &#x442;&#x430;&#x43A;&#x43E;&#x457; &#x432;&#x447;&#x438;&#x442;&#x435;&#x43B;&#x44C;&#x43A;&#x438;! &#x411;&#x43E; &#x437; &#x43D;&#x435;&#x44E; &#x443;&#x440;&#x43E;&#x43A;&#x438; &#x43F;&#x435;&#x440;&#x435;&#x442;&#x432;&#x43E;&#x440;&#x44E;&#x44E;&#x442;&#x44C;&#x441;&#x44F; &#x43D;&#x430; &#x441;&#x430;&#x43C;&#x435; &#x437;&#x430;&#x434;&#x43E;&#x432;&#x43E;&#x43B;&#x435;&#x43D;&#x43D;&#x44F;: &#x432;&#x435;&#x441;&#x435;&#x43B;&#x43E;&#x449;&#x456;, &#x433;&#x440;&#x443;, &#x440;&#x43E;&#x437;&#x432;&#x430;&#x436;&#x430;&#x43D;&#x43D;&#x44F;, &#x440;&#x435;&#x439;&#x432;&#x430;&#x445;, &#x442;&#x430;&#x440;&#x430;&#x440;&#x430;&#x43C;, &#x43E;&#x434;&#x43D;&#x438;&#x43C; &#x441;&#x43B;&#x43E;&#x432;&#x43E;&#x43C; &#x2013; &#x441;&#x443;&#x446;&#x456;&#x43B;&#x44C;&#x43D;&#x438;&#x439; &#x433;&#x430;&#x440;&#x43C;&#x438;&#x434;&#x435;&#x440;!</subfield>
  </datafield>
  <datafield tag="521" ind1=" " ind2=" ">
    <subfield code="a">&#x414;&#x43B;&#x44F; &#x434;&#x456;&#x442;&#x435;&#x439; &#x43C;&#x43E;&#x43B;&#x43E;&#x434;&#x448;&#x43E;&#x433;&#x43E; &#x442;&#x430; &#x441;&#x435;&#x440;&#x435;&#x434;&#x43D;&#x44C;&#x43E;&#x433;&#x43E; &#x448;&#x43A;&#x456;&#x43B;&#x44C;&#x43D;&#x43E;&#x433;&#x43E; &#x432;&#x456;&#x43A;&#x443;.</subfield>
  </datafield>
  <datafield tag="546" ind1=" " ind2=" ">
    <subfield code="a">&#x443;&#x43A;&#x440;.</subfield>
  </datafield>
  <datafield tag="650" ind1=" " ind2=" ">
    <subfield code="a">&#x41B;&#x456;&#x442;&#x435;&#x440;&#x430;&#x442;&#x443;&#x440;&#x43D;&#x43E;-&#x445;&#x443;&#x434;&#x43E;&#x436;&#x43D;&#x454; &#x432;&#x438;&#x434;&#x430;&#x43D;&#x43D;&#x44F;</subfield>
  </datafield>
  <datafield tag="653" ind1=" " ind2=" ">
    <subfield code="a">&#x41D;&#x43E;&#x432;&#x430; &#x432;&#x447;&#x438;&#x442;&#x435;&#x43B;&#x44C;&#x43A;&#x430;</subfield>
    <subfield code="a">&#x41F;&#x438;&#x440;&#x456;&#x433; &#x434;&#x440;&#x443;&#x436;&#x431;&#x438;</subfield>
    <subfield code="a">&#x41F;&#x440;&#x438;&#x433;&#x43E;&#x434;&#x438;</subfield>
  </datafield>
  <datafield tag="655" ind1=" " ind2=" ">
    <subfield code="a">&#x41F;&#x440;&#x438;&#x433;&#x43E;&#x434;&#x438;</subfield>
  </datafield>
  <datafield tag="942" ind1=" " ind2=" ">
    <subfield code="2">udc</subfield>
    <subfield code="c">BK</subfield>
  </datafield>
  <datafield tag="999" ind1=" " ind2=" ">
    <subfield code="c">8539</subfield>
    <subfield code="d">8539</subfield>
  </datafield>
  <datafield tag="952" ind1=" " ind2=" ">
    <subfield code="0">0</subfield>
    <subfield code="1">0</subfield>
    <subfield code="2">udc</subfield>
    <subfield code="4">0</subfield>
    <subfield code="7">0</subfield>
    <subfield code="a">F2</subfield>
    <subfield code="b">F2</subfield>
    <subfield code="c">ABS</subfield>
    <subfield code="d">2024-02-04</subfield>
    <subfield code="i">65912/1</subfield>
    <subfield code="l">0</subfield>
    <subfield code="o">821.161.1</subfield>
    <subfield code="p">9612</subfield>
    <subfield code="r">2024-02-04</subfield>
    <subfield code="w">2024-02-04</subfield>
    <subfield code="y">BK</subfield>
  </datafield>
</record>
